000 00278nam a2200109Ia 4500
008 230206s9999 xx 000 0 und d
022 _a0971-4480
041 _aeng
100 _aAgarwala R G, Ed.
_9119225
245 _aThe Insurance Times
260 _bJanta Printing Works
_aKolkata
999 _c97676
_d97676